Statistická ročenka České republiky 2001
Gespeichert in:
| Format: | Buch |
|---|---|
| Sprache: | Tschechisch Englisch |
| Veröffentlicht: |
Praha
Český statistický úřad
2001
|
| Schlagworte: | |
| Tags: |
Keine Tags, Fügen Sie das erste Tag hinzu!
|
MARC
| LEADER | 00000nam a2200000 4500 | ||
|---|---|---|---|
| 001 | c132651 | ||
| 005 | 20260129103629.6 | ||
| 020 | |a 80-7223-614-8 | ||
| 020 | |a 80-7183-250-2 | ||
| 041 | 0 | |a cze | |
| 041 | 0 | |a eng | |
| 044 | |a CZ | ||
| 245 | 1 | 0 | |a Statistická ročenka České republiky 2001 |
| 264 | 1 | |a Praha |b Český statistický úřad |c 2001 | |
| 300 | |a 773 s. | ||
| 610 | 2 | 0 | |a Česko |